00537nam a2200193Ia 4500008004100000041001200041082001200053100003000065245004700095260003800142300000800180365000700188520001400195546001200209630004700221650001400268655001400282730004700296101110s9999 xx 000 0 und d aENGLISH bSR24536 aLaxmeshwar N.B. & others aConcepts in phyiscal chemistry (S.Y.B.Sc.) c2003bChetana Publication, Mumbai a170 b65 aChemistry aENGLISH aConcepts in phyiscal chemistry (S.Y.B.Sc.) aChemistry aChemistry aConcepts in phyiscal chemistry (S.Y.B.Sc.)